00996nam a2200289 a 450000100100000000500170001000800410002704000250006808200180009324500830011126000570019430000210025149000150027250001510028765000330043870000180047170000240048970000330051370000170054670000250056370000190058870000240060770000160063170000220064770000220066983000150069100002506320250526115843.0110209s1975 ve r 000 0 spa d aDO-SdBNPbspacBNPHU a301.243bS67801aLa sociedad tecnológica :bcamino al desastre? /cOskar Schatz ... [et al.]. aCaracas, Venezuela :bMonte Ávila Editores,c1975. a233 p. ;c18 cm.1 aLetra viva aColoquio realizado en Salzburgo, Austria sobre las contradicciones de la sociedad tecnológica desde el punto de vista crítico y humanístico. 4aTecnologíaxAspecto social1 aSchatz, Oskar1 aRein, Mercedesetr.1 aMarcuse, Herbert,d1898-19791 aFromm, Erich1 aSiguan Soler, Miguel1 aLeser, Norbert1 aHeimendahl, Eckhart1 aKofler, Leo1 aRosenberg, Alfons1 aMarcovic, Mihailo 0aLetra viva